[Event "EU-ch Rapid"]
[Site "Skopje"]
[Date "2024.12.07"]
[Round "6"]
[White "Subelj, Jan"]
[Black "Kukov, Velislav"]
[Result "1-0"]
[WhiteElo "2526"]
[BlackElo "2316"]
[PlyCount "105"]
[EventDate "2024.12.07"]
[EventType "swiss (rapid)"]
[EventRounds "11"]
[EventCountry "MKD"]
[SourceTitle "CB50_2024"]
[SourceDate "2024.11.01"]
[SourceVersion "1"]
[SourceVersionDate "2024.11.01"]
[SourceQuality "2"]

1. e4 g6 2. d4 Bg7 3. Nf3 c6 4. Bd3 d5 5. e5 Bg4 6. Nbd2 c5 7. c3 Nc6 8. h3 Bxf3 9. Nxf3 cxd4 10. cxd4 e6 11. 0-0 Nge7 12. a3 0-0 13. b4 a6 14. Bg5 Qb6 15. Qd2 Rac8 16. Qf4 Nf5 17. Bxf5 exf5 18. Qh4 Nd8 19. Rac1 Ne6 20. Bf6 Rc6 21. Bxg7 Kxg7 22. Rxc6 Qxc6 23. Qf6+ Kg8 24. h4 Rc8 25. h5 Nf4 26. hxg6 Qxf6 27. gxh7+ Kxh7 28. exf6 Kg6 29. Re1 Kxf6 30. g3 Nd3 31. Re3 Rc1+ 32. Kg2 Nb2 33. Re5 Nc4 34. Rxd5 Nxa3 35. Nh4 Nb5 36. Rxf5+ Kg7 37. Nf3 Rb1 38. Rd5 Rxb4 39. Rd7 Nc3 40. Ne5 a5 41. Rxf7+ Kg8 42. Rc7 Ne4 43. d5 a4 44. Nc4 b5 45. d6 Nf6 46. Nb6 a3 47. Nd5 Nxd5 48. d7 Nf4+ 49. gxf4 Rd4 50. Rc8+ Kf7 51. d8Q Rxd8 52. Rxd8 b4 53. Ra8 1-0

[Event "FRM-chT 32nd"]
[Site "Struga"]
[Date "2024.07.27"]
[Round "4.2"]
[White "Ivic, Velimir"]
[Black "Kukov, Velislav"]
[Result "1-0"]
[WhiteElo "2592"]
[BlackElo "2335"]
[PlyCount "55"]
[EventDate "2024.07.24"]
[EventType "team-tourn"]
[EventRounds "9"]
[EventCountry "MKD"]
[SourceTitle "EXT 2025"]
[Source "ChessBase"]
[SourceDate "2024.10.14"]
[SourceVersion "1"]
[SourceVersionDate "2024.10.14"]
[SourceQuality "1"]
[WhiteTeam "Skopje Alkaloid"]
[BlackTeam "Kumanovo GSHK"]
[WhiteTeamCountry "MKD"]
[BlackTeamCountry "MKD"]

1. e4 g6 2. d4 Bg7 3. Nc3 d5 4. exd5 Nf6 5. Bc4 Nbd7 6. Bb3 Nb6 7. Nf3 0-0 8. 0-0 a5 9. a4 Nbxd5 10. Nxd5 Nxd5 11. h3 b6 12. Re1 e6 13. Bg5 Qd6 14. c3 Bb7 15. Qd2 Rfe8 16. Rad1 c6 17. Bc4 Qc7 18. Bh6 Bh8 19. Qe2 Rac8 20. Ne5 Bg7 21. Bxg7 Kxg7 22. Qd2 f6 23. Nd3 Re7 24. b4 Ra8 25. Ra1 Ba6 26. Bxa6 Rxa6 27. bxa5 Qd6 28. c4 1-0

[Event "FRM-chT 32nd"]
[Site "Struga"]
[Date "2024.07.25"]
[Round "2.2"]
[White "Tomic, Aleksandar1"]
[Black "Kukov, Velislav"]
[Result "1/2-1/2"]
[WhiteElo "2331"]
[BlackElo "2335"]
[PlyCount "37"]
[EventDate "2024.07.24"]
[EventType "team-tourn"]
[EventRounds "9"]
[EventCountry "MKD"]
[SourceTitle "EXT 2025"]
[Source "ChessBase"]
[SourceDate "2024.10.14"]
[SourceVersion "1"]
[SourceVersionDate "2024.10.14"]
[SourceQuality "1"]
[WhiteTeam "Skopje Shkupi"]
[BlackTeam "Kumanovo GSHK"]
[WhiteTeamCountry "MKD"]
[BlackTeamCountry "MKD"]

1. d4 Nc6 2. Nf3 d5 3. g3 Bg4 4. Bg2 e6 5. 0-0 Bd6 6. c4 dxc4 7. Qa4 Nge7 8. Qxc4 0-0 9. Nc3 a6 10. Rd1 Bxf3 11. Bxf3 e5 12. d5 Nb8 13. Ne4 Nd7 14. Qc2 h6 15. b4 b6 16. Bb2 a5 17. Nxd6 cxd6 18. a3 g5 19. Rac1 1/2-1/2

[Event "Adelboden Swiss Alpine op"]
[Site "Adelboden"]
[Date "2023.11.25"]
[Round "3"]
[White "Kukov, Velislav"]
[Black "Curien, Nicolas"]
[Result "1/2-1/2"]
[WhiteElo "2335"]
[BlackElo "2177"]
[PlyCount "29"]
[EventDate "2023.11.24"]
[EventType "swiss"]
[EventRounds "5"]
[EventCountry "SUI"]
[SourceTitle "CBM 217 Extra"]
[Source "ChessBase"]
[SourceDate "2024.01.31"]
[SourceVersion "1"]
[SourceVersionDate "2024.01.31"]
[SourceQuality "1"]

1. d4 d5 2. Bf4 c5 3. c3 Nc6 4. e3 Qb6 5. Qb3 c4 6. Qc2 e5 7. dxe5 Bf5 8. Qc1 g5 9. Bg3 h5 10. h4 g4 11. Ne2 Bg7 12. Nd4 Nge7 13. Nd2 Bxe5 14. Bxe5 Nxe5 15. Be2 1/2-1/2

[Event "EU-ch Online 2300+ Qual"]
[Site "Chess.com INT"]
[Date "2020.05.29"]
[Round "2"]
[White "Kacprzak, Kacper"]
[Black "Kukov, Velislav"]
[Result "0-1"]
[WhiteElo "1977"]
[BlackElo "2348"]
[PlyCount "70"]
[EventDate "2020.05.29"]
[EventType "swiss"]
[EventRounds "8"]
[EventCountry "NET"]
[SourceTitle "CBM 196 Extra"]
[Source "ChessBase"]
[SourceDate "2020.07.31"]
[SourceVersion "1"]
[SourceVersionDate "2020.07.31"]
[SourceQuality "1"]

1. e4 c6 2. d4 d5 3. e5 c5 4. dxc5 Nc6 5. Nf3 Bg4 6. Be2 e6 7. a3 Bxc5 8. b4 Bxf3 9. Bxf3 Bd4 10. Ra2 Bxe5 11. 0-0 Nf6 12. Re1 Bc7 13. Qe2 0-0 14. Bb2 a6 15. Nd2 Nd7 16. c4 Nde5 17. cxd5 Nxf3+ 18. Nxf3 Qxd5 19. Ba1 Rad8 20. Rc2 Qd3 21. Qxd3 Rxd3 22. Nd4 Bxh2+ 23. Kxh2 Nxd4 24. Rc7 b5 25. Re4 Nf5 26. g4 Nd6 27. Rxe6 Rxa3 28. Bd4 Ne8 29. Ree7 Nxc7 30. Rxc7 a5 31. Bc5 Rb8 32. Ba7 Re8 33. bxa5 Rxa5 34. Bc5 Ra4 35. Kg3 Rc4 0-1

[Event "EU-ch Online 2300+ Qual"]
[Site "Chess.com INT"]
[Date "2020.05.29"]
[Round "5"]
[White "Klenburg, Mikhail"]
[Black "Kukov, Velislav"]
[Result "1-0"]
[WhiteElo "2346"]
[BlackElo "2348"]
[PlyCount "107"]
[EventDate "2020.05.29"]
[EventType "swiss"]
[EventRounds "8"]
[EventCountry "NET"]
[SourceTitle "CBM 196 Extra"]
[Source "ChessBase"]
[SourceDate "2020.07.31"]
[SourceVersion "1"]
[SourceVersionDate "2020.07.31"]
[SourceQuality "1"]

1. g3 d5 2. Bg2 Nf6 3. d3 c6 4. Nd2 Bf5 5. e4 Bg6 6. f4 e6 7. Qe2 Bc5 8. Ngf3 dxe4 9. dxe4 Ng4 10. Nb3 Bf2+ 11. Kf1 Bb6 12. Nfd4 Bxd4 13. Qxg4 Bb6 14. Qe2 0-0 15. Bf3 a5 16. a4 Nd7 17. Kg2 f6 18. Rd1 Qe7 19. Be3 Bxe3 20. Qxe3 e5 21. f5 Bf7 22. Rd2 Rfd8 23. Rad1 Kf8 24. Qc3 Bxb3 25. cxb3 Nb6 26. Rxd8+ Rxd8 27. Rxd8+ Qxd8 28. Qxa5 Qd4 29. Qc3 Nd7 30. b4 Nb6 31. a5 Nc4 32. Qxd4 exd4 33. b3 Ne5 34. Be2 Ke7 35. Kf2 Kd6 36. Ke1 c5 37. b5 d3 38. Bf1 c4 39. bxc4 Nxc4 40. a6 bxa6 41. bxa6 d2+ 42. Kd1 Ne3+ 43. Kxd2 Nxf1+ 44. Ke1 Kc6 45. Kxf1 Kb6 46. Ke2 Kc6 47. Kd3 Kb6 48. Kd4 Kxa6 49. Kd5 Kb6 50. Ke6 Kc6 51. Kf7 Kd6 52. Kxg7 Ke5 53. Kxh7 Kxe4 54. Kg6 1-0

[Event "Thessaloniki White Tower op 42nd"]
[Site "Thessaloniki"]
[Date "2020.01.06"]
[Round "8"]
[White "Kukov, Velislav"]
[Black "Djuric, Stefan"]
[Result "1/2-1/2"]
[WhiteElo "2349"]
[BlackElo "2346"]
[PlyCount "74"]
[EventDate "2020.01.02"]
[EventType "swiss"]
[EventRounds "9"]
[EventCountry "GRE"]
[SourceTitle "EXT 2021"]
[Source "ChessBase"]
[SourceDate "2020.10.23"]
[SourceVersion "1"]
[SourceVersionDate "2020.10.23"]
[SourceQuality "1"]

1. d4 g6 2. Nf3 Bg7 3. Bf4 c5 4. c3 Qb6 5. Qb3 Nf6 6. e3 d6 7. h3 0-0 8. Be2 Be6 9. Qxb6 axb6 10. a3 Bd7 11. Nbd2 b5 12. 0-0 b6 13. Rfe1 Nd5 14. Bg3 Bh6 15. Bf1 Ra7 16. Rad1 Na6 17. Ne4 Bc6 18. Neg5 Ndc7 19. Bd3 Bg7 20. h4 b4 21. axb4 cxb4 22. c4 Rfa8 23. b3 Nb8 24. Ne4 Ra3 25. c5 bxc5 26. dxc5 Nb5 27. Bxb5 Bxb5 28. cxd6 exd6 29. Nxd6 Ba6 30. Nc4 Bxc4 31. Rd8+ Bf8 32. Bd6 Nc6 33. Rxa8 Rxa8 34. Bxf8 Bxb3 35. Bxb4 Nxb4 36. Rb1 Nd3 37. Rxb3 Ra1+ 1/2-1/2

[Event "Pontevedra op 7th"]
[Site "Pontevedra"]
[Date "2019.08.10"]
[Round "4"]
[White "Torres Bosch, Jose Francisco"]
[Black "Kukov, Velislav"]
[Result "0-1"]
[WhiteElo "2129"]
[BlackElo "2370"]
[PlyCount "114"]
[EventDate "2019.08.08"]
[EventType "swiss"]
[EventRounds "9"]
[EventCountry "ESP"]
[SourceTitle "EXT 2020"]
[Source "ChessBase"]
[SourceDate "2019.10.17"]
[SourceVersion "1"]
[SourceVersionDate "2019.10.17"]
[SourceQuality "1"]

1. e4 c6 2. d4 d5 3. Nd2 dxe4 4. Nxe4 Nf6 5. Nxf6+ exf6 6. Nf3 Bd6 7. Be2 0-0 8. 0-0 Re8 9. Re1 Nd7 10. Bd3 Rxe1+ 11. Qxe1 Nf8 12. h3 Be6 13. Be3 Bc7 14. c4 Qd6 15. Qd2 Ng6 16. Rd1 Rd8 17. Qc2 Bb8 18. Bf5 Qd7 19. Bxe6 fxe6 20. Re1 Ne7 21. Qe4 Ng6 22. Bd2 e5 23. dxe5 Nxe5 24. Bc3 Nxf3+ 25. Qxf3 Re8 26. Rxe8+ Qxe8 27. Qd3 Bc7 28. b3 Qe6 29. Kf1 Bb6 30. Bd4 Qd7 31. c5 Bc7 32. Qe4 Kf7 33. Ke2 Qe6 34. f3 g6 35. Kd3 Qxe4+ 36. fxe4 Ke6 37. g4 Bf4 38. a4 f5 39. gxf5+ gxf5 40. b4 Be5 41. exf5+ Kxf5 42. Bxe5 Kxe5 43. Ke3 Kd5 44. Kd3 a5 45. Kc3 h6 46. h4 h5 47. Kb3 Kd4 48. bxa5 Kxc5 49. Kc3 Kd5 50. Kb4 Kd4 51. a6 bxa6 52. Ka5 c5 53. Kxa6 c4 54. Kb7 c3 55. a5 c2 56. a6 c1Q 57. a7 Qb1+ 0-1

[Event "FRM-chT"]
[Site "Ohrid"]
[Date "2019.07.23"]
[Round "2.1"]
[White "Glavinac, Goran"]
[Black "Kukov, Velislav"]
[Result "0-1"]
[WhiteElo "2065"]
[BlackElo "2349"]
[PlyCount "106"]
[EventDate "2019.07.22"]
[EventType "team-tourn"]
[EventRounds "7"]
[EventCountry "MKD"]
[SourceTitle "EXT 2020"]
[Source "ChessBase"]
[SourceDate "2019.10.17"]
[SourceVersion "1"]
[SourceVersionDate "2019.10.17"]
[SourceQuality "1"]
[WhiteTeam "Skopje Karposh"]
[BlackTeam "Kumanovo"]
[WhiteTeamCountry "MKD"]
[BlackTeamCountry "MKD"]

1. d4 d5 2. Nf3 Nf6 3. c4 c6 4. Qc2 dxc4 5. Qxc4 Bf5 6. Qb3 Qb6 7. Nbd2 e6 8. g3 Ne4 9. Qxb6 axb6 10. Bg2 Na6 11. 0-0 Nb4 12. a3 Nc2 13. Rb1 Be7 14. Nc4 b5 15. Nce5 Nd6 16. Bd2 f6 17. Nd3 Bxd3 18. exd3 Nf5 19. Bc3 Rd8 20. Bh3 Ncxd4 21. Nxd4 Nxd4 22. Bxd4 Rxd4 23. Bxe6 Rxd3 24. Rbd1 Rd6 25. Rfe1 Kd8 26. Kg2 Kc7 27. Bg4 Kd8 28. Be6 Rf8 29. g4 g6 30. f4 Kc7 31. Bb3 Rxd1 32. Rxd1 Bd6 33. Kf3 g5 34. Be6 Re8 35. f5 Bxh2 36. b3 Ra8 37. Ra1 Be5 38. Ra2 Rd8 39. Ke3 Rd1 40. a4 bxa4 41. Rxa4 Rh1 42. Bf7 Rh4 43. Kd3 Rh3+ 44. Kc2 Rc3+ 45. Kd2 Rg3 46. Kc2 b5 47. Re4 c5 48. Kd2 Kd6 49. Kc2 c4 50. bxc4 b4 51. Kd1 Kc5 52. Bh5 b3 53. Re1 Bf4 0-1

[Event "Manisa Yunusemre"]
[Site "Manisa"]
[Date "2019.05.01"]
[Round "5.3"]
[White "Kukov, Velislav"]
[Black "Ozen, Bahadir"]
[Result "0-1"]
[WhiteElo "2351"]
[BlackElo "2328"]
[PlyCount "60"]
[EventDate "2019.04.29"]
[EventType "schev"]
[EventRounds "10"]
[EventCountry "TUR"]
[SourceTitle "CBM 190 Extra"]
[Source "ChessBase"]
[SourceDate "2019.07.15"]
[SourceVersion "1"]
[SourceVersionDate "2019.07.15"]
[SourceQuality "1"]
[WhiteTeam "Blue Team"]
[BlackTeam "Turkuaz"]
[WhiteTeamCountry "TUR"]
[BlackTeamCountry "TUR"]

1. d4 d5 2. Bf4 c5 3. e3 Nc6 4. Nf3 Nf6 5. c3 Qb6 6. Qb3 c4 7. Qxb6 axb6 8. Na3 Bf5 9. Be2 e6 10. Nb5 Ra5 11. Nd6+ Bxd6 12. Bxd6 Ne4 13. Bg3 Rb5 14. 0-0-0 Ke7 15. Nh4 Ra8 16. Nxf5+ exf5 17. a3 Nxc3 18. bxc3 Rxa3 19. Kd2 Rb2+ 20. Ke1 Rxc3 21. Bf3 Nb4 22. Kf1 Ke6 23. h4 Nd3 24. Kg1 b5 25. Kh2 b4 26. Ra1 Ra3 27. Rhd1 Rxa1 28. Rxa1 c3 29. Ra5 c2 30. Bxd5+ Ke7 0-1